| 000 | 01079nam a22002417a 4500 | ||
|---|---|---|---|
| 005 | 20250904145936.0 | ||
| 008 | 240411b ||||| |||| 00| 0 eng d | ||
| 082 | _aDPer 621.317 Ie21 November 2022 v. 37 n. 11 | ||
| 100 |
_aLian, Yuxin. _eauthor. _956419 |
||
| 245 |
_aA parallel-connected 24-pulse rectifier using hybrid harmonic reduction method at DC side / _cYuxin Lian, Shiyan Yang, Hongqi Ben, Wei Bai, and Wei Yang. |
||
| 260 |
_aNew York ; _bThe Institute of Electrical and Electronics Engineers, Inc. , _cNovember 2022. |
||
| 300 |
_aVolume 37, pages 12932-12937 : _billustration ; _c28 cm. |
||
| 500 | _aIEEE Transactions on Power Electronics, vol. 37, no. 11, pages 12932-12938, November 2022. | ||
| 650 | 0 |
_aHarmonic analysis. _965745 |
|
| 650 | 0 |
_aIntellectual property _925918 |
|
| 650 | 0 |
_aHybrid harmonic reduction. _967132 |
|
| 700 |
_aLian, Yuxin. _eauthor. _956419 |
||
| 700 |
_aYang, Shiyan. _eauthor. _956420 |
||
| 700 |
_aBen, Hongqi. _eauthor. _956421 |
||
| 700 |
_aBai, Wei. _eauthor. _956422 |
||
| 700 |
_aYang, Wei. _eauthor. _956423 |
||
| 942 |
_2ddc _cPER |
||
| 999 |
_c20107 _d20107 |
||